000 00583nam a2200229Ia 4500
003 OSt
005 20220923230329.0
006 a|||||r|||| 00| 0
007 ta
008 Pun
024 _a279,497
037 _cTextual
040 _aARTS
_cARTS
_bPun
041 _2Pun
_aPun
082 _aO153,1NRA8x, N1
100 _aਰਾਹੀ, ਅਜੀਤ
245 0 _aਮੁੱਕਤਾ ਅੱਖਰ
260 _c1991
650 _aਪੰਜਾਬੀ ਸਾਹਿਤ
942 _hO153,1NRA8x, N1
_cTEXL
_2CC
999 _c384004
_d384004